000 00452nam a2200193Ia 4500
008 240509s9999 xx 000 0 und d
020 _a0008120312767
041 _aEng
082 _a006.7
082 _bJ22
100 _aJEFFCOATE, J.
245 0 _aMULTIMEDIA IN PRACTICE :TECHNOLOGY AND APPLICATIONS
260 _bNEW DELHI : PRINTICE HALL
260 _c1995
300 _a238 p.
650 _aMULTIMEDIA
942 _2ddc
942 _cLBK
999 _c23006
_d23006
945 _a1
_bMadushi Gamage
_c1
_dMadushi Gamage